000 00526nam a22001937a 4500
003 OSt
005 20160425192804.0
008 160425b xxu||||| |||| 00| 0 eng d
020 _a0333391187
040 _cDDC.
082 _a375.BIS1985.
100 _aBishop,George;
_98286
245 _aCurriculum Development.
_bA textbook for Students.
260 _aLondon,
_bMacmillan.
_c1985.
300 _avi,260p;
_bill;
_c22cm.
504 _aBibliography ,references ,and index.
650 _aDevelopment.
_9612
942 _2ddc
_cSLOAN
999 _c3760
_d3760